What do you know about Ohio State Senator Kevin Bacon? Quiz Stats

 Plays Quiz not verified by Sporcle

Challenge
Share
Tweet
Embed
Score 0/31 Timer 05:00
0 Plays Today
Hint Answer % Correct
PartyRepublican
94.7%
Senate District3rd
84.2%
ReligionCatholic
84.2%
Alma MaterMiami University
84.2%
Law SchoolCapital Law School
84.2%
ProfessionAttorney
84.2%
Year Elected2010
84.2%
CommitteesCivil Justice (Chair)
78.9%
CommitteesPublic Utilities
78.9%
Civil Justice Committee MembersMichael Skindell
78.9%
HometownDefiance
78.9%
CommitteesCriminal Justice
73.7%
CommitteesInsurance (Vice Chair)
73.7%
CommitteesTransportation, Commerce and Labor
73.7%
Committee ChairsKevin Bacon!
73.7%
Committee ChairsJohn Eklund
73.7%
Hint Answer % Correct
Committee ChairsBill Seitz
73.7%
Committee ChairsGayle Manning
73.7%
Civil Justice Committee MembersKevin Bacon! (Chair)
73.7%
Civil Justice Committee MembersEdna Brown
73.7%
Civil Justice Committee MembersJohn Eklund
73.7%
Civil Justice Committee MembersLarry Obhof
73.7%
Civil Justice Committee MembersBill Seitz
73.7%
Civil Justice Committee MembersCecil Thomas
73.7%
Current Senate Page InternJoseph Hart
73.7%
CommitteesFinancial Institutions
68.4%
Committee ChairsJim Hughes
68.4%
Committee ChairsJay Hottinger
68.4%
Civil Justice Committee MembersJim Hughes
68.4%
Civil Justice Committee MembersScott Oelslager (Vice Chair)
63.2%
Civil Justice Committee MembersBill Coley
63.2%

You're not logged in!

Compare scores with friends on all Sporcle quizzes.
OR
Log In

You Might Also Like...

Show Comments

Extras

Created Jul 9, 2015ReportNominate
Tags:State Quiz, 2015, bacon, July, kevin, ohio, senator

Top Quizzes Today


Score Distribution

Your Account Isn't Verified!

In order to create a playlist on Sporcle, you need to verify the email address you used during registration. Go to your Sporcle Settings to finish the process.

Report this User

Report this user for behavior that violates our Community Guidelines.

Details: